|
|
|
|
| LEADER |
01116nam a2200301 a 4500 |
| 001 |
c000310738 |
| 003 |
CARM |
| 005 |
00000000000000.0 |
| 008 |
840531s1984 nyua b 00110 eng |
| 019 |
1 |
|
|a 3245043
|z 12435634
|z 21955102
|5 LACONCORD2021
|
| 020 |
|
|
|a 0465004733 :
|c $29.95
|
| 035 |
|
|
|a (OCoLC)10849483
|5 LACONCORD2021
|
| 050 |
0 |
0 |
|a Q162
|b .A8 1984
|
| 100 |
1 |
|
|a Asimov, Isaac,
|d 1920-1992.
|
| 240 |
1 |
0 |
|a New guide to science.
|
| 245 |
1 |
0 |
|a Asimov's New guide to science /
|c Isaac Asimov.
|
| 260 |
|
|
|a New York :
|b Basic Books,
|c c1984.
|
| 300 |
|
|
|a xvi, 940 p. :
|b ill. ;
|c 25 cm.
|
| 500 |
|
|
|a Rev. ed. of: Asimov's Guide to science. c1972.
|
| 500 |
|
|
|a Includes indexes.
|
| 504 |
|
|
|a Bibliography: p. 885-893.
|
| 650 |
|
0 |
|a Science
|x Popular works.
|
| 700 |
1 |
|
|a Asimov, Isaac,
|d 1920-1992
|t Guide to science.
|
| 740 |
0 |
|
|a New guide to science.
|
| 852 |
8 |
|
|b CARM
|h A3:AF19F0
|i C12395
|p 0475313
|f BK
|
| 082 |
0 |
4 |
|a 500
|
| 999 |
f |
f |
|i 6ea488eb-f28e-5cdf-867e-fe7555345c19
|s 226f1393-6fc3-592d-9934-6d00e3140d9a
|
| 952 |
f |
f |
|p Can circulate
|a CAVAL
|b CAVAL
|c CAVAL
|d CARM 1 Store
|e C12395
|f A3:AF19F0
|h Other scheme
|i book
|m 0475313
|